| 000 | 00670nam a2200217 a 4500 | ||
|---|---|---|---|
| 005 | 20240228063845.0 | ||
| 008 | 031016s1997 mx r 000 0 spa d | ||
| 020 | _a9681653424 | ||
| 035 | _aUPN01000130252 | ||
| 049 | _aI | ||
| 050 | 4 |
_aPZ71 _bC6.7 |
|
| 100 | 1 | _aCorbinos Paris, Rosa Anna | |
| 245 | 1 | 0 |
_aCarabola / _cRosa Anna Corbinos ; dibujos de Tassies. |
| 260 |
_aMéxico : _bFCE, _c1997. |
||
| 300 |
_a[23] p. : _bprincipalmente il. col. |
||
| 440 | 4 | _aLos especiales de a la orilla del viento | |
| 650 | 4 |
_aCuentos infantiles _96744 |
|
| 650 | 4 |
_aLibros y lectura para niños _92290 |
|
| 700 | 1 |
_aTassies Penella, José Antonio, _eil. |
|
| 905 | _aInfantil | ||
| 999 |
_c102409 _d102409 |
||